[Event "DEM U10 2012"]
[Site "Oberhof GER"]
[Date "2012.05.31"]
[Round "8"]
[White "Schmidtmann, Samantha"]
[Black "Finke, Daniel"]
[Result "1-0"]
[Termination "normal"]
[Board "34"]
[WhiteElo "1109"]
[BlackElo "989"]
[PlyCount "79"]
[WhiteFideId "12956759"]
[BlackFideId "16217675"]
[EventCountry "GER"]
[EventRounds "11"]
[EventType "swiss"]
[EventDate "2012.05.26"]

1. e4 e5 2. d4 exd4 3. Qxd4 Nc6 4. Qe3 Nf6 5. Nc3 Be7 6. Bd2 Nb4 7. O-O-O d6 8.
a3 Nc6 9. Kb1 Be6 10. h3 Qd7 11. f4 g6 12. g4 d5 13. exd5 Nxd5 14. Nxd5 Bxd5
15. Nf3 O-O-O 16. Bg2 Bf6 17. Bc3 Rde8 18. Qd3 Bxc3 19. Qxc3 Ne7 20. Qd3 f5 21.
Rhg1 fxg4 22. hxg4 h5 23. Ne5 Qd6 24. Bxd5 Nxd5 25. Nf7 Qf6 26. Nxh8 Qxh8 27.
Qxd5 hxg4 28. Rxg4 c6 29. Qd7+ Kb8 30. Rxg6 Rd8 31. Qxd8+ Qxd8 32. Rxd8+ Kc7
33. Rh8 Kb6 34. Ka2 a5 35. f5 a4 36. f6 Ka5 37. f7 Kb6 38. f8=Q Kb5 39. Qb4+
Ka6 40. Ra8# 1-0

[Event "DEM U10 2012"]
[Site "Oberhof GER"]
[Date "2012.05.31"]
[Round "8"]
[White "Bierfreund, Trine"]
[Black "Ewerhardy, Moritz"]
[Result "1-0"]
[Termination "normal"]
[Board "35"]
[WhiteElo "1083"]
[BlackElo "832"]
[PlyCount "139"]
[WhiteFideId "12957372"]
[BlackFideId "36052086"]
[EventCountry "GER"]
[EventRounds "11"]
[EventType "swiss"]
[EventDate "2012.05.26"]

1. e4 e5 2. Nf3 Nc6 3. Bb5 Bc5 4. O-O Nf6 5. d3 a6 6. Bxc6 dxc6 7. Nxe5 Bd4 8.
Nf3 Bg4 9. h3 Bh5 10. Re1 Qd6 11. Qe2 Be5 12. Qe3 Bxf3 13. Qxf3 O-O 14. Nc3
Rae8 15. g3 Qe6 16. Kg2 b5 17. Bf4 Bxf4 18. Qxf4 Nh5 19. Qf5 Qxf5 20. exf5 Rxe1
21. Rxe1 Nf6 22. Ne4 Nd5 23. c4 Nb4 24. Nc3 Nc2 25. Re7 Rc8 26. a4 bxa4 27.
Nxa4 Nd4 28. g4 c5 29. Nxc5 Nc6 30. Re3 a5 31. g5 Nd4 32. f6 gxf6 33. gxf6 Nf5
34. Re5 Nh4+ 35. Kg3 Ng6 36. Rg5 h6 37. Rd5 c6 38. Rd7 Ne5 39. Rd6 Rb8 40. b3
Rc8 41. d4 Ng6 42. d5 cxd5 43. Rxd5 Rc6 44. Nb7 Rxf6 45. Nxa5 Kg7 46. c5 Nf4
47. Rd6 Rf5 48. c6 Ne6 49. Nb7 Rb5 50. Rxe6 fxe6 51. c7 Rxb3+ 52. f3 Rc3 53.
Nd6 Rxc7 54. Ne8+ Kf7 55. Nxc7 Kf6 56. Nxe6 Kxe6 57. f4 Kf5 58. Kf3 Kf6 59. Ke4
Ke6 60. f5+ Kf6 61. h4 h5 62. Kf4 Kf7 63. Kg5 Kg7 64. Kxh5 Kf6 65. Kg4 Kg7 66.
Kg5 Kf7 67. f6 Kf8 68. Kg6 Kg8 69. f7+ Kf8 70. h5 1-0

[Event "DEM U10 2012"]
[Site "Oberhof GER"]
[Date "2012.05.31"]
[Round "8"]
[White "Hartmann, Jasmin"]
[Black "Haag, Lea"]
[Result "0-1"]
[Termination "normal"]
[Board "36"]
[WhiteElo "832"]
[BlackElo "1011"]
[PlyCount "95"]
[WhiteFideId "12988898"]
[EventCountry "GER"]
[EventRounds "11"]
[EventType "swiss"]
[EventDate "2012.05.26"]

1. e4 e5 2. Nf3 Nc6 3. Nc3 Nf6 4. d4 exd4 5. Nxd4 Bb4 6. Bd2 Nxd4 7. Bg5 Qe7 8.
f3 d5 9. Bxf6 Qxf6 10. Bd3 Nxf3+ 11. Qxf3 Bxc3+ 12. bxc3 Qxc3+ 13. Kf2 Qd4+ 14.
Qe3 Qxe3+ 15. Kxe3 dxe4 16. Bxe4 O-O 17. Kf2 Re8 18. Bf3 c6 19. Rhe1 Rxe1 20.
Rxe1 Be6 21. a3 Rd8 22. Kg1 Rd2 23. Re2 Rxe2 24. Bxe2 Kf8 25. Kf2 Ke7 26. Ke3
Kd6 27. c3 Kc5 28. g3 Bc4 29. Bd1 a5 30. Kd2 b5 31. Kc1 b4 32. Kb2 g5 33. g4 f6
34. Bc2 h6 35. Ba4 Be2 36. cxb4+ axb4 37. axb4+ Kxb4 38. Bxc6 Bxg4 39. Kc1 Kc3
40. Bg2 Kd3 41. h3 Be2 42. Bh1 f5 43. Bg2 f4 44. Bh1 f3 45. Kb1 f2 46. Bg2
f1=Q+ 47. Bxf1 Bxf1 48. h4 0-1

[Event "DEM U10 2012"]
[Site "Oberhof GER"]
[Date "2012.05.31"]
[Round "8"]
[White "Von Jan, Lena"]
[Black "Kirsten, Annika"]
[Result "1-0"]
[Termination "normal"]
[Board "37"]
[WhiteElo "1003"]
[BlackElo "957"]
[PlyCount "147"]
[WhiteFideId "12946060"]
[BlackFideId "12961124"]
[EventCountry "GER"]
[EventRounds "11"]
[EventType "swiss"]
[EventDate "2012.05.26"]

1. e4 e5 2. Nf3 Nc6 3. Bb5 a6 4. Ba4 Nf6 5. d3 Be7 6. h3 b5 7. Bb3 Na5 8. Nxe5
Nxb3 9. axb3 d6 10. Nc6 Qd7 11. Nd4 O-O 12. Nd2 c5 13. Nf5 Qc7 14. Ng3 d5 15.
Qe2 Re8 16. O-O Bd6 17. Qf3 Bb7 18. Re1 Rad8 19. c3 d4 20. c4 b4 21. Ra4 Bc6
22. Rxa6 Qb7 23. Rxc6 Qxc6 24. e5 Qxf3 25. Nxf3 Bxe5 26. Rxe5 Rxe5 27. Nxe5 Re8
28. Nf3 Ra8 29. Ne2 Ra1 30. Ne5 Rb1 31. Nf3 Nh5 32. Kh2 Nf4 33. Bxf4 Rxb2 34.
Nc1 Rxf2 35. Kg1 Rb2 36. Ne5 Rb1 37. Nd7 Ra1 38. Nxc5 f6 39. Bd2 g5 40. Kh2 h6
41. Ne6 Ra6 42. Nxd4 Rd6 43. Nf5 Re6 44. Nxh6+ Kg7 45. Nf5+ Kg6 46. Ng3 Re8 47.
Bxb4 Rh8 48. Kg1 Re8 49. d4 Re3 50. Kh2 f5 51. d5 f4 52. Nge2 f3 53. gxf3 Rxf3
54. Kg2 Re3 55. Kf2 Rxh3 56. Kg2 g4 57. d6 Rh7 58. Kg3 Kh5 59. Nf4+ Kg5 60.
Ncd3 Rd7 61. Ne5 Rb7 62. d7 Rb8 63. Be7+ Kf5 64. d8=Q Rxd8 65. Bxd8 Kxe5 66. c5
Kd4 67. c6 Kc3 68. c7 Kxb3 69. c8=Q Kb4 70. Qc6 Kb3 71. Kf2 Kb4 72. Be7+ Kb3
73. Qc5 Ka4 74. Qb4# 1-0

[Event "DEM U10 2012"]
[Site "Oberhof GER"]
[Date "2012.05.31"]
[Round "8"]
[White "Feil, Alexander"]
[Black "Gauchel, Verena"]
[Result "1-0"]
[Termination "normal"]
[Board "38"]
[WhiteElo "1162"]
[BlackElo "911"]
[PlyCount "39"]
[WhiteFideId "4002954"]
[BlackFideId "12988537"]
[EventCountry "GER"]
[EventRounds "11"]
[EventType "swiss"]
[EventDate "2012.05.26"]

1. e4 b6 2. d4 Bb7 3. Nc3 e6 4. Bd3 Bb4 5. Nge2 Nf6 6. e5 Nd5 7. a3 Bxc3+ 8.
Nxc3 Nxc3 9. bxc3 O-O 10. Qh5 h6 11. Qg4 Kh8 12. O-O d6 13. Bf4 Nc6 14. Rfe1
Ne7 15. Re3 Rg8 16. Qh5 Qf8 17. Rh3 g6 18. Qxh6+ Qxh6 19. Bxh6 Nd5 20. Bf8# 1-0

[Event "DEM U10 2012"]
[Site "Oberhof GER"]
[Date "2012.05.31"]
[Round "8"]
[White "Schumacher, Simon"]
[Black "Kukulina, Sonja"]
[Result "0-1"]
[Termination "normal"]
[Board "39"]
[WhiteElo "968"]
[BlackElo "948"]
[PlyCount "96"]
[BlackFideId "12977047"]
[EventCountry "GER"]
[EventRounds "11"]
[EventType "swiss"]
[EventDate "2012.05.26"]

1. e4 e6 2. d4 d5 3. e5 c5 4. c3 Nc6 5. Nf3 Qb6 6. Bd3 Bd7 7. O-O cxd4 8. cxd4
Nxd4 9. Nxd4 Qxd4 10. Qb3 Qb4 11. Qxb4 Bxb4 12. Bd2 Bxd2 13. Nxd2 Ne7 14. Nf3
O-O 15. Ng5 Ng6 16. Rfe1 h6 17. Nf3 Rac8 18. Nd4 Ne7 19. Rac1 f6 20. Rxc8 Nxc8
21. exf6 Rxf6 22. Bb5 Bxb5 23. Nxb5 a6 24. Nc7 Kf7 25. Rc1 Ne7 26. Na8 e5 27.
Rc7 Rc6 28. Rxc6 Nxc6 29. Nb6 d4 30. Nd5 b5 31. b3 e4 32. Kf1 a5 33. a4 bxa4
34. bxa4 Ke6 35. Nf4+ Ke5 36. g3 Nb4 37. Ke1 Na2 38. Ne2 d3 39. Nf4 Nc3 40. Kd2
Nxa4 41. f3 Nc5 42. fxe4 Kxe4 43. Ng2 a4 44. Ne3 a3 45. Nc4 a2 46. Nd6+ Kf3 47.
Nf5 a1=Q 48. Nh4+ Ke4 0-1

[Event "DEM U10 2012"]
[Site "Oberhof GER"]
[Date "2012.05.31"]
[Round "8"]
[White "Weiten, Teresa"]
[Black "Oganessjan, Artur"]
[Result "1-0"]
[Termination "normal"]
[Board "40"]
[WhiteElo "834"]
[BlackElo "961"]
[PlyCount "117"]
[WhiteFideId "12971944"]
[BlackFideId "12986062"]
[EventCountry "GER"]
[EventRounds "11"]
[EventType "swiss"]
[EventDate "2012.05.26"]

1. e4 e5 2. Nf3 Nc6 3. Nc3 Nf6 4. d4 exd4 5. Nxd4 Bc5 6. Be3 O-O 7. Nxc6 bxc6
8. Bxc5 d6 9. Bb4 c5 10. Ba3 Re8 11. Bd3 Bb7 12. O-O Nxe4 13. Nxe4 Bxe4 14.
Bxe4 Rxe4 15. Qf3 Rc8 16. Qxe4 Qf6 17. Rae1 h6 18. Qd3 Rf8 19. Re3 Qg5 20. Rg3
Qh5 21. Qc3 f6 22. b4 cxb4 23. Bxb4 c5 24. Qc4+ Kh8 25. Bd2 Qf7 26. Qxf7 Rxf7
27. Re1 Rb7 28. h4 Rb2 29. Re8+ Kh7 30. Bc3 Rxc2 31. Re7 Rxc3 32. Rxc3 Kg6 33.
Rg3+ Kf5 34. Rgxg7 h5 35. f3 c4 36. g4+ hxg4 37. fxg4+ Kf4 38. g5 fxg5 39. hxg5
c3 40. Rgf7+ Kxg5 41. Kg2 c2 42. Rc7 Kg6 43. Rxc2 Kxf7 44. Rd2 Ke6 45. a4 a5
46. Kf3 Ke5 47. Ke3 d5 48. Rd1 d4+ 49. Rxd4 Ke6 50. Ke4 Ke7 51. Ke5 Kf7 52. Kf5
Ke7 53. Rd3 Kf7 54. Rd7+ Ke8 55. Ke6 Kf8 56. Rc7 Kg8 57. Kf6 Kh8 58. Kg6 Kg8
59. Rc8# 1-0

[Event "DEM U10 2012"]
[Site "Oberhof GER"]
[Date "2012.05.31"]
[Round "8"]
[White "Petrow, Jonas"]
[Black "Giss, Alexander"]
[Result "1-0"]
[Termination "normal"]
[Board "41"]
[WhiteElo "1067"]
[BlackElo "877"]
[PlyCount "101"]
[WhiteFideId "12991805"]
[BlackFideId "16260414"]
[EventCountry "GER"]
[EventRounds "11"]
[EventType "swiss"]
[EventDate "2012.05.26"]

1. e4 e5 2. d4 Nc6 3. d5 Nd4 4. c3 Bc5 5. cxd4 Bxd4 6. Nf3 c5 7. dxc6 dxc6 8.
Bc4 Bg4 9. h3 Bh5 10. O-O Nf6 11. Qd3 O-O 12. Be3 Bxb2 13. Nbd2 Bxa1 14. Rxa1
Qxd3 15. Bxd3 Rfd8 16. Nxe5 Re8 17. Nec4 Rad8 18. Bc2 b5 19. Na5 Be2 20. Nxc6
Rc8 21. Nd4 Rc7 22. Rc1 Bc4 23. Rd1 Bxa2 24. e5 Rxe5 25. Bf4 Rcc5 26. Bxe5 Rxe5
27. Nc6 g6 28. Nxe5 a5 29. Bb3 Bxb3 30. Nxb3 a4 31. g4 axb3 32. Rb1 Nd5 33.
Rxb3 b4 34. Nd3 Kg7 35. Nxb4 Nxb4 36. Rxb4 f5 37. gxf5 gxf5 38. Rb6 h6 39. Kg2
f4 40. Kf3 h5 41. Kxf4 h4 42. Kf5 Kh7 43. Kg5 Kg7 44. Rb7+ Kf8 45. Kf6 Ke8 46.
Rh7 Kd8 47. Ke6 Kc8 48. Kd6 Kb8 49. Kc6 Ka8 50. Kb6 Kb8 51. Rh8# 1-0

[Event "DEM U10 2012"]
[Site "Oberhof GER"]
[Date "2012.05.31"]
[Round "8"]
[White "Schönweiler, Elisabeth"]
[Black "Kurz, Annika"]
[Result "1/2-1/2"]
[Termination "normal"]
[Board "42"]
[WhiteElo "832"]
[BlackElo "881"]
[PlyCount "41"]
[WhiteFideId "12997005"]
[EventCountry "GER"]
[EventRounds "11"]
[EventType "swiss"]
[EventDate "2012.05.26"]

1. e4 e5 2. Nf3 Nc6 3. Bc4 Bc5 4. Nc3 Nf6 5. d3 d6 6. h3 h6 7. Be3 Bb6 8. Qd2
Be6 9. Bb3 Qd7 10. Qe2 O-O-O 11. O-O-O Rhe8 12. Bxb6 cxb6 13. Rhe1 Bxb3 14.
cxb3 Re6 15. Qc2 Rde8 16. Rd2 Kd8 17. Red1 Nb4 18. Qb1 Qc8 19. a3 Na6 20. Rc2
Qd7 21. d4 1/2-1/2

[Event "DEM U10 2012"]
[Site "Oberhof GER"]
[Date "2012.05.31"]
[Round "8"]
[White "Leib, Amina"]
[Black "Schmiederer, Luisa"]
[Result "1-0"]
[Termination "normal"]
[Board "43"]
[WhiteElo "754"]
[BlackElo "850"]
[PlyCount "31"]
[WhiteFideId "12982970"]
[EventCountry "GER"]
[EventRounds "11"]
[EventType "swiss"]
[EventDate "2012.05.26"]

1. e4 e5 2. Nf3 Nc6 3. Nc3 Nf6 4. Bc4 Nxe4 5. Nxe4 d5 6. Bd3 dxe4 7. Bxe4 Bg4
8. h3 Be6 9. O-O Bd6 10. Ng5 Bd7 11. Nxh7 f5 12. Bxc6 Bxc6 13. Qh5+ Kd7 14.
Qxf5+ Ke7 15. Ng5 Rf8 16. Qe6# 1-0

[Event "DEM U10 2012"]
[Site "Oberhof GER"]
[Date "2012.05.31"]
[Round "8"]
[White "Hasenburg, Juliana"]
[Black "Silber, Fabian"]
[Result "0-1"]
[Termination "normal"]
[Board "44"]
[WhiteElo "776"]
[BlackElo "838"]
[PlyCount "42"]
[BlackFideId "12947288"]
[EventCountry "GER"]
[EventRounds "11"]
[EventType "swiss"]
[EventDate "2012.05.26"]

1. e4 e5 2. Nf3 Nc6 3. Bc4 Bc5 4. Nc3 Nf6 5. d3 h6 6. O-O d6 7. Qd2 Be6 8. Bxe6
fxe6 9. Nh4 Qe7 10. Ng6 Qf7 11. Nxh8 Qh5 12. Nb5 O-O-O 13. Qe1 Rxh8 14. Bd2 b6
15. Rd1 Nd4 16. Nxa7+ Kd7 17. Bb4 Nxc2 18. Qc3 Nxb4 19. Qa3 Ng4 20. Qa4+ Ke7
21. Rc1 Qxh2# 0-1

[Event "DEM U10 2012"]
[Site "Oberhof GER"]
[Date "2012.06.01"]
[Round "10"]
[White "Mantel, Ruben"]
[Black "Mätzkow, Maximilian Paul"]
[Result "1/2-1/2"]
[Termination "normal"]
[Board "1"]
[WhiteElo "1539"]
[BlackElo "1685"]
[PlyCount "69"]
[WhiteFideId "12930121"]
[BlackFideId "24679933"]
[EventCountry "GER"]
[EventRounds "11"]
[EventType "swiss"]
[EventDate "2012.05.26"]

1. e4 c5 2. Nc3 g6 3. g3 Bg7 4. Bg2 Nc6 5. d3 e6 6. Be3 d6 7. Qd2 Bd7 8. f4
Nge7 9. Nf3 O-O 10. d4 cxd4 11. Nxd4 a6 12. O-O Qc7 13. Nb3 b5 14. a3 Rad8 15.
Rfd1 Bc8 16. Qf2 Rd7 17. Rd3 Bb7 18. Rad1 b4 19. Na4 Nc8 20. e5 bxa3 21. bxa3
d5 22. Nbc5 Rdd8 23. Rb1 Na5 24. Bd2 Ba8 25. Nxa6 Qxc2 26. Bxa5 Qxb1+ 27. Bf1
Rd7 28. N4c5 Ra7 29. Rb3 Qd1 30. Rd3 Qa1 31. Qc2 d4 32. Bb4 Bd5 33. Nb3 Bxb3
34. Rxb3 d3 35. Qxd3 1/2-1/2

[Event "DEM U10 2012"]
[Site "Oberhof GER"]
[Date "2012.06.01"]
[Round "10"]
[White "Tong, Kevin"]
[Black "Rockmann, Jan-Okke"]
[Result "0-1"]
[Termination "normal"]
[Board "2"]
[WhiteElo "1612"]
[BlackElo "1767"]
[PlyCount "108"]
[WhiteFideId "12913944"]
[BlackFideId "12942111"]
[EventCountry "GER"]
[EventRounds "11"]
[EventType "swiss"]
[EventDate "2012.05.26"]

1. e4 e5 2. Nf3 d6 3. Bc4 Be7 4. d4 exd4 5. Nxd4 Nf6 6. Nc3 O-O 7. O-O Bd7 8.
Be3 Nc6 9. Qd2 Nxd4 10. Bxd4 Bc6 11. Rfe1 Nd7 12. f4 Bf6 13. Rad1 Re8 14. Nd5
Bxd4+ 15. Qxd4 Nc5 16. b4 Ne6 17. Qf2 a5 18. f5 Ng5 19. Qf4 b5 20. Bf1 f6 21.
h4 Nf7 22. c4 Bxd5 23. Rxd5 axb4 24. Rxb5 c5 25. Qd2 Ra7 26. Re2 Qa8 27. Qc2 h6
28. g3 Ra3 29. Kh2 Rc3 30. Qb1 Qa3 31. Rg2 Rc1 32. Qd3 Qxd3 33. Bxd3 Ne5 34.
Be2 Nxc4 35. Bxc4+ Rxc4 36. Rb6 Rd4 37. Re2 Rdxe4 38. Rxe4 Rxe4 39. Rxd6 Re2+
40. Kh3 Rxa2 41. Rc6 Rc2 42. Kg4 b3 43. Kf3 b2 44. Rb6 c4 45. Ke3 Rc3+ 46. Kd4
Rb3 47. Rxb3 cxb3 48. Kc3 b1=Q 49. g4 Qc2+ 50. Kd4 b2 51. g5 b1=Q 52. gxf6
Qbd1+ 53. Ke3 Qce2+ 54. Kf4 Qd6# 0-1

[Event "DEM U10 2012"]
[Site "Oberhof GER"]
[Date "2012.06.01"]
[Round "10"]
[White "Schilay, Lorenz"]
[Black "Engel, Luis"]
[Result "1-0"]
[Termination "normal"]
[Board "3"]
[WhiteElo "1494"]
[BlackElo "1463"]
[PlyCount "115"]
[WhiteFideId "12930180"]
[BlackFideId "12961523"]
[EventCountry "GER"]
[EventRounds "11"]
[EventType "swiss"]
[EventDate "2012.05.26"]

1. e4 c5 2. Nc3 d6 3. f4 g6 4. Nf3 Bg7 5. Bc4 e6 6. O-O Ne7 7. d3 O-O 8. Qe1
Nbc6 9. Qh4 d5 10. Bb3 Nd4 11. Nxd4 cxd4 12. Ne2 dxe4 13. dxe4 b6 14. Qg3 Bb7
15. Qd3 Qd7 16. Ng3 Qc6 17. Rf2 Rfe8 18. Bd2 Bc8 19. Raf1 a5 20. Bc4 Bd7 21. a3
b5 22. Bb3 Rec8 23. Be1 Qc5 24. e5 Bc6 25. Rd2 Rd8 26. Bf2 b4 27. Bxd4 Qb5 28.
Bc4 Qb7 29. Qe3 Nd5 30. Bxd5 Bxd5 31. Bc5 b3 32. c3 a4 33. Rfd1 Rd7 34. c4 Bc6
35. Rxd7 Bxd7 36. Ne4 Qc6 37. Nd6 Bf8 38. Qd4 Bxd6 39. Qxd6 Rc8 40. Qxc6 Bxc6
41. Bd6 Bb7 42. c5 Bc6 43. Rd4 Rd8 44. Rb4 Rc8 45. Rb6 Be8 46. Kf2 Bc6 47. g3
Kg7 48. Ke3 Bd7 49. Kd4 Bc6 50. Kc4 Bd7 51. Kb4 Ra8 52. Rb7 Bc6 53. Rb6 Bd7 54.
c6 Be8 55. c7 Rc8 56. Rb8 Bd7 57. Rxc8 Bxc8 58. Kxa4 1-0

[Event "DEM U10 2012"]
[Site "Oberhof GER"]
[Date "2012.06.01"]
[Round "10"]
[White "Graf, Justus Felix"]
[Black "Keymer, Vincent"]
[Result "0-1"]
[Termination "normal"]
[Board "4"]
[WhiteElo "1507"]
[BlackElo "1721"]
[PlyCount "48"]
[WhiteFideId "12929212"]
[BlackFideId "12940690"]
[EventCountry "GER"]
[EventRounds "11"]
[EventType "swiss"]
[EventDate "2012.05.26"]

1. e4 c5 2. Nc3 e6 3. Nf3 a6 4. d4 cxd4 5. Nxd4 Qc7 6. Nb3 d6 7. Be3 Nf6 8. Bd3
b5 9. O-O Bb7 10. a3 Be7 11. f4 O-O 12. Qf3 Nbd7 13. Qh3 e5 14. Rf3 exf4 15.
Bxf4 Ne5 16. Bxe5 dxe5 17. Rg3 Bc8 18. Qh6 Ng4 19. Qd2 Qb6+ 20. Kf1 Nxh2+ 21.
Ke2 Bg4+ 22. Rxg4 Nxg4 23. Qe1 Qe3+ 24. Kd1 Nf2+ 0-1

[Event "DEM U10 2012"]
[Site "Oberhof GER"]
[Date "2012.06.01"]
[Round "10"]
[White "Wong, Gengchun"]
[Black "ter Stal, Sven"]
[Result "1-0"]
[Termination "normal"]
[Board "5"]
[WhiteElo "1511"]
[BlackElo "1498"]
[PlyCount "119"]
[WhiteFideId "12963283"]
[BlackFideId "12946443"]
[EventCountry "GER"]
[EventRounds "11"]
[EventType "swiss"]
[EventDate "2012.05.26"]

1. e4 c5 2. Nf3 e6 3. d4 cxd4 4. Nxd4 Nf6 5. Nc3 Nc6 6. Ndb5 Bb4 7. Nd6+ Ke7 8.
Bf4 e5 9. Nf5+ Kf8 10. Bg5 d5 11. a3 Bxc3+ 12. bxc3 dxe4 13. Qd6+ Qxd6 14. Nxd6
Bd7 15. Bc4 Nd8 16. Bxf6 gxf6 17. Nxe4 Kg7 18. Rd1 Ba4 19. Bb3 Bxb3 20. cxb3
Rc8 21. c4 Ne6 22. O-O Nd4 23. Rd3 Rhd8 24. Rfd1 b6 25. Kf1 h6 26. Rg3+ Kh8 27.
Nxf6 Rc6 28. Ng4 Re6 29. Rgd3 Kh7 30. Nxe5 Rxe5 31. Rxd4 Rxd4 32. Rxd4 Kg6 33.
f3 Re3 34. Rd7 Rxb3 35. Rxa7 Rc3 36. Ra6 f6 37. Rxb6 Rxa3 38. c5 Rc3 39. c6 Rc2
40. Kg1 Kg5 41. h3 Kf4 42. Kh2 f5 43. c7 h5 44. h4 Rxc7 45. Rh6 Rg7 46. Rxh5
Rg6 47. Rh8 Rg7 48. Ra8 Rh7 49. Kh3 Rh5 50. Ra5 Rh8 51. g4 Kxf3 52. Rxf5+ Ke4
53. Rf7 Ke5 54. g5 Ke6 55. Rf1 Ke7 56. Kg4 Ra8 57. g6 Ra6 58. Kg5 Ra4 59. h5
Ra2 60. Kh6 1-0

[Event "DEM U10 2012"]
[Site "Oberhof GER"]
[Date "2012.06.01"]
[Round "10"]
[White "Renger, Niklas"]
[Black "Shoipov, Dennie"]
[Result "1-0"]
[Termination "normal"]
[Board "6"]
[WhiteElo "1622"]
[BlackElo "1447"]
[PlyCount "165"]
[WhiteFideId "12908096"]
[BlackFideId "14137755"]
[EventCountry "GER"]
[EventRounds "11"]
[EventType "swiss"]
[EventDate "2012.05.26"]

1. e4 c5 2. Nf3 Nc6 3. d4 cxd4 4. Nxd4 g6 5. Nc3 Bg7 6. Be3 Nf6 7. Bc4 Qa5 8.
O-O O-O 9. Bb3 d6 10. h3 Bd7 11. Re1 Rac8 12. Qe2 Nxd4 13. Bxd4 Bc6 14. Rad1 a6
15. Nd5 Bxd5 16. exd5 Rfe8 17. c3 Qc7 18. Qd2 Rcd8 19. Re2 b5 20. Rde1 Qd7 21.
Bc2 Rc8 22. b4 Bf8 23. Bb3 Qf5 24. Be3 Qh5 25. Bg5 Red8 26. Qe3 h6 27. Bxf6
exf6 28. Qb6 Ra8 29. a4 bxa4 30. Bxa4 Rdb8 31. Qd4 f5 32. Bc6 Bg7 33. Qe3 f4
34. Qxf4 Bxc3 35. Bxa8 Bxe1 36. Rxe1 Rxa8 37. Qxd6 Qg5 38. Qc6 Rf8 39. d6 Qd2
40. Re3 Rd8 41. Re8+ Rxe8 42. Qxe8+ Kg7 43. Qe5+ Kg8 44. Qf6 Qc1+ 45. Kh2 Qd2
46. g3 h5 47. h4 Qd5 48. Qd8+ Kg7 49. Qb6 Qd2 50. Qc5 Qd3 51. Kg1 Qb1+ 52. Kh2
Qd3 53. Qc6 Qd2 54. Kg2 Kf6 55. Qxa6 Ke6 56. Qc6 f6 57. d7+ Ke7 58. Qc7 Qd5+
59. f3 Qa2+ 60. Kf1 Qb1+ 61. Ke2 Qa2+ 62. Kd3 Qb3+ 63. Qc3 Qd5+ 64. Kc2 Qa2+
65. Kd3 Qd5+ 66. Ke2 Qa2+ 67. Qd2 Qc4+ 68. Qd3 Qa2+ 69. Ke3 Qa7+ 70. Qd4 Qa3+
71. Ke4 Qa8+ 72. Qd5 f5+ 73. Kd4 Qa1+ 74. Kc4 Qa2+ 75. Kd4 Qf2+ 76. Kc4 Qa2+
77. Kc5 Qc2+ 78. Kb6 Kd8 79. Qc5 Qxc5+ 80. bxc5 g5 81. hxg5 f4 82. gxf4 h4 83.
g6 1-0

[Event "DEM U10 2012"]
[Site "Oberhof GER"]
[Date "2012.06.01"]
[Round "10"]
[White "Niemann, Alexander"]
[Black "Biastoch, Bennet"]
[Result "0-1"]
[Termination "normal"]
[Board "7"]
[WhiteElo "1403"]
[BlackElo "1488"]
[PlyCount "72"]
[WhiteFideId "12939862"]
[BlackFideId "12939889"]
[EventCountry "GER"]
[EventRounds "11"]
[EventType "swiss"]
[EventDate "2012.05.26"]

1. e4 c5 2. Nf3 d6 3. d4 cxd4 4. Nxd4 Nf6 5. Nc3 a6 6. Be3 e5 7. Nb3 Be6 8. f3
Be7 9. Qd2 O-O 10. O-O-O Nbd7 11. g4 b5 12. h4 b4 13. Ne2 a5 14. Kb1 a4 15.
Nbc1 b3 16. cxb3 axb3 17. a3 Nb6 18. Nc3 Qb8 19. h5 Rc8 20. g5 Nfd7 21. g6 Kh8
22. gxh7 Na4 23. N1e2 Ndc5 24. Bxc5 Rxc5 25. Nxa4 Rxa4 26. Nc3 Ra8 27. Bh3 Rca5
28. Bxe6 fxe6 29. Rdg1 Qa7 30. Rg6 d5 31. Qg2 Bxa3 32. bxa3 Rxa3 33. Kc1 Ra1+
34. Kd2 Qd4+ 35. Ke2 R8a2+ 36. Nxa2 Rxa2+ 0-1

[Event "DEM U10 2012"]
[Site "Oberhof GER"]
[Date "2012.06.01"]
[Round "10"]
[White "Rößler, Lukas"]
[Black "Shen, Julian"]
[Result "1-0"]
[Termination "normal"]
[Board "8"]
[WhiteElo "1515"]
[BlackElo "1383"]
[PlyCount "99"]
[WhiteFideId "12938718"]
[BlackFideId "12942898"]
[EventCountry "GER"]
[EventRounds "11"]
[EventType "swiss"]
[EventDate "2012.05.26"]

1. e4 d5 2. exd5 Qxd5 3. Nc3 Qa5 4. d4 Nf6 5. Bc4 c6 6. Bd2 Bf5 7. Nf3 e6 8.
Nd5 Qd8 9. Nxf6+ gxf6 10. c3 Nd7 11. O-O Rg8 12. Qe2 Be7 13. Nh4 Bg6 14. g3 f5
15. Ng2 Nf6 16. Nf4 Ne4 17. Be3 Bg5 18. Bb3 Bxf4 19. Bxf4 h5 20. h4 Qd7 21.
Rad1 O-O-O 22. Rfe1 Rde8 23. f3 Nf6 24. Qe5 Kd8 25. Qxf6+ Kc8 26. Qe5 Kd8 27.
Qb8+ Ke7 28. Qc7 Qxc7 29. Bxc7 Rc8 30. Bf4 Bh7 31. Bg5+ Ke8 32. Kf2 Kd7 33. c4
Rce8 34. d5 Kc7 35. Bf4+ Kc8 36. dxe6 fxe6 37. c5 Rg6 38. Re5 Bg8 39. Rd6 Bf7
40. a4 Bg8 41. Ba2 a6 42. b4 Bf7 43. Bc4 Bg8 44. b5 axb5 45. axb5 cxb5 46. Bxb5
Re7 47. Ke3 Rc7 48. Kd4 Re7 49. Bd3 Bf7 50. Bxf5 1-0

[Event "DEM U10 2012"]
[Site "Oberhof GER"]
[Date "2012.06.01"]
[Round "10"]
[White "Schneider, Jana"]
[Black "Roseneck, Jonas"]
[Result "1-0"]
[Termination "normal"]
[Board "9"]
[WhiteElo "1462"]
[BlackElo "1342"]
[PlyCount "131"]
[WhiteFideId "12924997"]
[BlackFideId "12939870"]
[EventCountry "GER"]
[EventRounds "11"]
[EventType "swiss"]
[EventDate "2012.05.26"]

1. e4 c5 2. Nc3 d6 3. f4 g6 4. Nf3 Bg7 5. Bb5+ Nc6 6. Bxc6+ bxc6 7. d3 e6 8.
O-O Ne7 9. Qe1 O-O 10. Qh4 Rb8 11. f5 exf5 12. Bh6 fxe4 13. dxe4 f6 14. Nd1 Kh8
15. Rb1 Ng8 16. Bxg7+ Kxg7 17. Qg3 f5 18. Ng5 h6 19. Nh3 fxe4 20. Ndf2 Qe7 21.
Nf4 Bf5 22. Rfd1 d5 23. Re1 Nf6 24. N2d3 g5 25. Ne5 Qc7 26. Rf1 Kh7 27. Nfg6
Bxg6 28. Nxg6 Qxg3 29. Nxf8+ Rxf8 30. hxg3 Kg6 31. b3 Re8 32. c3 d4 33. cxd4
cxd4 34. Rbc1 Re6 35. Rfd1 Rd6 36. Kf2 Nd7 37. Rc4 c5 38. b4 Nf6 39. bxc5 Ng4+
40. Ke1 Rc6 41. Rdxd4 Kf5 42. Rd6 Rc7 43. c6 Ne5 44. Rc5 a6 45. Rdd5 Kg4 46.
Rxe5 Kxg3 47. Red5 Kxg2 48. Rd7 Rc8 49. c7 h5 50. Rxg5+ Kf3 51. Rxh5 e3 52.
Rhh7 Rg8 53. Rhf7+ Ke4 54. Rd8 Rg1+ 55. Ke2 Rg2+ 56. Kf1 Rxa2 57. Re7+ Kf4 58.
Rf8+ Kg5 59. c8=Q Ra1+ 60. Ke2 Ra2+ 61. Kxe3 Ra3+ 62. Kf2 Ra2+ 63. Re2 Ra4 64.
Qf5+ Kh6 65. Re6+ Kg7 66. Qf7# 1-0

[Event "DEM U10 2012"]
[Site "Oberhof GER"]
[Date "2012.06.01"]
[Round "10"]
[White "Yankelevich, Michael"]
[Black "Wierzbicki, Jirawat"]
[Result "0-1"]
[Termination "normal"]
[Board "10"]
[WhiteElo "1718"]
[BlackElo "1541"]
[PlyCount "132"]
[WhiteFideId "12921440"]
[BlackFideId "1153579"]
[EventCountry "GER"]
[EventRounds "11"]
[EventType "swiss"]
[EventDate "2012.05.26"]

1. e4 e5 2. Nf3 Nc6 3. Bc4 Nf6 4. Ng5 d5 5. exd5 Na5 6. d3 h6 7. Bb5+ c6 8.
dxc6 bxc6 9. Nxf7 Kxf7 10. Ba4 Qc7 11. Bd2 Bd7 12. Nc3 Bd6 13. Ne4 Nxe4 14.
dxe4 Nb7 15. Bb3+ Ke7 16. Be3 Na5 17. Qd2 Nxb3 18. axb3 Be6 19. O-O Qb7 20. Qa5
a6 21. Bc5 Qb5 22. Bxd6+ Kxd6 23. Rfd1+ Ke7 24. Qxb5 axb5 25. h3 Rhd8 26. Kf1
Rxa1 27. Rxa1 Rd2 28. Rc1 Rd4 29. Re1 c5 30. f3 c4 31. bxc4 Bxc4+ 32. Kg1 Rd2
33. Rc1 b4 34. b3 Be2 35. Kf2 Bd3+ 36. Ke3 Rxc2 37. Rxc2 Bxc2 38. Kd2 Bxb3 39.
Kc1 Bc4 40. g3 Bf1 41. h4 Bg2 42. f4 exf4 43. gxf4 Bxe4 44. Kb2 Kf6 45. Kb3 Kf5
46. Kxb4 Kxf4 47. Kc3 Kg4 48. Kd4 Kxh4 49. Kxe4 g5 50. Kf3 Kh3 51. Kf2 Kh2 52.
Kf3 h5 53. Ke3 g4 54. Kf4 g3 55. Ke5 g2 56. Kd4 g1=Q+ 57. Ke4 Kg3 58. Kd5 Qe3
59. Kc4 Kf4 60. Kd5 Qe5+ 61. Kc4 Ke4 62. Kb4 Kd3 63. Kb3 Qd4 64. Ka2 Qb4 65.
Ka1 Kc2 66. Ka2 Qb2# 0-1